| 000 | 01245nas a2200265 454500 | ||
|---|---|---|---|
| 001 | 6381 | ||
| 005 | 20260407193504.0 | ||
| 008 | 260407s1976####ag###########|||spa#d | ||
| 003 | AR-UNSa-BCEJYS | ||
| 040 |
_aAR-UNSa-BCEJYS _bspa _cAR-UNSa-BCEJYS |
||
| 080 |
_a338 _xSituación económica. Política económica. Gestión de la economía. Planificación de la economía. Producción. Servicios. Precios |
||
| 245 | 1 | 0 | _aIndicadores de Coyuntura |
| 022 | _a0537-3468 | ||
| 264 | 1 |
_aBuenos Aires : _bFIEL (Fundación de Investigaciones Económicas Latinoamericanas) _c1976 |
|
| 310 | _aFrecuencia: mensual | ||
| 505 | _aCambia de Dir. a partir del Nº 160 por Rodolfo Ernesto Manuelli Cambia de Dir. a partir del Nº 169 por Eduardo Borensztein y Enrique Szewach Cambia de Dir. a partir del Nº 283 por Daniel Artana Cambia de Dir. a partir del Nº 298 por Patricia M. Panadeiros | ||
| 942 | _cSER | ||
| 590 | _aniveau_biblio:s niveau_hierar:1 | ||
| 100 | 1 | _aTow, Fernando Víctor | |
| 650 | _aCondiciones económicas | ||
| 650 | _aINDICADORES SOCIOECONOMICOS | ||
| 650 | _aMercado de trabajo | ||
| 650 | _aECONOMIA | ||
| 856 | 4 | 1 |
_uhttps://biblioeco.unsa.edu.ar/pmb/images/revistas/Indicadores de Coyuntura.jpg _yImagen de portada _qimage/jpeg |
| 999 |
_c8433 _d8433 |
||